000 00499cam a22001812a 4500
001 001428
003 AR-FADEU
008 311216n1973####xxu####################dd
092 _aD340.1
_bV531n
100 _aVerne, Roberto
245 _aInvestigación sobre : La naturaleza del conocimiento jurídico
260 _aBuenos Aires
260 _bCooperadora de Derecho y Ciencias Sociales
260 _c1973
300 _a165 p
650 _aCONOCIMIENTO JURIDICO; DERECHO-TEORIA
942 _cBDGR
999 _c7267
_d7267